|
|
|
|
| LEADER |
01176cam a2200289 7i4500 |
| 001 |
0000079964 |
| 005 |
20231005090000.0 |
| 020 |
|
|
|a 9781003275848 (electronic book)
|
| 090 |
0 |
0 |
|a BP166.38
|b .A57 2023
|
| 100 |
1 |
|
|a Ansari, Mahsheed
|
| 245 |
1 |
0 |
|a Modern debates on prophecy and prophethood in Islam :
|b Muhammad Iqbal & Said Nursi
|c Mahsheed Ansari.
|
| 264 |
|
|
|a Abingdon, Oxon : New York:
|b Routledge,
|c 2023.
|
| 300 |
|
|
|a 1 online resource (x, 276 pages):
|b text file, PDF.
|
| 336 |
|
|
|a text
|2 rdacontent
|
| 337 |
|
|
|a computer
|2 rdamedia
|
| 338 |
|
|
|a online resource
|2 rdacarrier
|
| 650 |
|
0 |
|a Muhammad, Prophet, -632 --
|x Prophetic office
|
| 650 |
|
0 |
|a Iqbal, Muhammad, Sir, 1877-1938 --
|x Criticism and interpretation
|
| 650 |
|
0 |
|a Nursi, Said, 1873-1960 --
|x Criticism and interpretation
|
| 650 |
|
0 |
|a Prophets, Pre-Islamic
|
| 650 |
|
0 |
|a Prophecy --
|x Islam
|
| 650 |
|
0 |
|a Islamic philosophy
|
| 650 |
|
0 |
|a Prophets in the Quran
|
| 655 |
|
0 |
|a Electronic books
|
| 856 |
4 |
2 |
|u http://library.unisel.edu.my/web/guest/mylibrary
|
| 997 |
|
|
|a Education & Social Sciences, Faculty
|b Islamic Studies, Department
|
| 999 |
|
|
|a EBO0022118
|b EBOOK
|c EBOOK
|e Electronic resources
|